Geography Quiz

Random Geography or City Quiz

Most Populous Cities/Least Populous States Quiz Stats

Quiz Updated Dec 10, 2012

Challenge
Share
Tweet
Embed
Score 0/50 Timer 10:00
1 Play Today
Population City % Correct
205,707Boise
75.4%
567,641Las Vegas
72.1%
286,174Anchorage
70.7%
374,658Honolulu
70.3%
183,102Salt Lake City
69.5%
171,909Providence
69.4%
454,731Omaha
63%
254,001Lincoln
62.2%
143,209Kansas City
60.6%
219,636Reno
60.4%
529,219Albuquerque
59.7%
191,933Little Rock
59.6%
73,979Santa Fe
58.1%
175,021Jackson
57.7%
124,331Topeka
55%
95,558Fargo
52%
105,845Billings
47.5%
372,186Wichita
44.1%
158,008Sioux Falls
41.3%
119,775Provo
39.6%
73,069Wilmington
37.4%
109,279Manchester
33.6%
256,445Henderson
28.3%
67,876Missoula
22.2%
224,387North Las Vegas
21.8%
Population City % Correct
67,107Rapid City
20.5%
93,452Las Cruces
20.4%
77,143Fayetteville
19.8%
83,292Ogden
19%
92,048Lawrence
18.4%
87,555Nashua
16.5%
174,907Overland Park
14.9%
70,794Gulfport
13%
85,547Fort Smith
12.8%
95,248Orem
12.8%
84,760Warwick
11.9%
125,096West Valley City
10.9%
81,241Nampa
9.8%
71,953Pawtucket
9.8%
72,550Saint George
9.8%
121,962Olathe
8.9%
104,968West Jordan
7.9%
68,516Meridian
7.7%
80,126Cranston
7.6%
97,188Sandy
7%
66,196Jonesboro
7%
89,346Sparks
7%
82,574Rio Rancho
5.9%
68,490Springdale
3.2%
66,747Layton
2.4%

You're not logged in!

Compare scores with friends on all Sporcle quizzes.
Sign Up with Email
OR
Log In

You Might Also Like...

Show Comments

Extras

Top Quizzes Today


Score Distribution

Your Account Isn't Verified!

In order to create a playlist on Sporcle, you need to verify the email address you used during registration. Go to your Sporcle Settings to finish the process.